Estados más nuevos de México - Estadísticas

Estadísticas generales
  • Esta prueba ha sido intentada 32 veces
  • La puntuación promedio es 7 de 10
Estadísticas de respuestas
Fecha de ingreso Estado % Correcto
8 de octubre de 1974 Quintana Roo
90%
16 de enero de 1952 Baja California
83%
8 de octubre de 1974 Baja California Sur
77%
29 de abril de 1863 Campeche
70%
26 de enero de 1917 Nayarit
67%
12 de septiembre de 1856 Colima
63%
5 de febrero de 1857 Aguascalientes
57%
17 de abril de 1869 Morelos
57%
9 de diciembre de 1856 Tlaxcala
47%
16 de enero de 1869 Hidalgo
43%
No se encontraron pruebas coincidentes
Distribución de puntuación
Porcentaje de gente con cada puntuación
Porcentaje por número respondido
Historial de tus puntuaciones
No has intentado esta prueba.